| 000 | 00524nam a2200169 i 4500 | ||
|---|---|---|---|
| 001 | 134466 | ||
| 003 | ES-MaACL | ||
| 005 | 20230906194659.0 | ||
| 007 | t| | ||
| 008 | 070911s1920 gw ||||1| ger d | ||
| 100 | 1 |
_aWeber, Adolf. _9116248 |
|
| 245 | 1 | 4 |
_aDer Kampf zwischen Kapital und Arbeit _b: Gewerkschaften und Arbeitgeberverbèande in Deutschland / _cvon Adolf Weber. |
| 250 | _a2ª. aufl. | ||
| 260 |
_aTübingen : _b[s.n.], _c1920 ( _fH. Laupp) |
||
| 300 |
_aXIX, 448 p. ; _c24 cm. |
||
| 852 |
_aES-MaACL _jG-1698 |
||
| 999 |
_c134466 _d134466 |
||